000 00359nam a2200133Ia 4500
008 240624s9999 xx 000 0 und d
041 _aeng
082 _a332.6 CAS
100 _aCASABONA PATRICK
245 _aINVESTMENT PRICING METHODS A GUIDE FOR A
260 _c2002
_aNew York
_bJohn Wiley & Sons
300 _axvii, : 360 : p. : cm. ; 23
365 _c
_b26
999 _c20128
_d20128